| 000 | 00916nam a2200277 a 4500 | ||
|---|---|---|---|
| 001 | 57911 | ||
| 003 | BD-RjUL | ||
| 005 | 20211209080550.0 | ||
| 008 | 161212s1997 sz a f000 0 fre d | ||
| 020 | _a3908102537 | ||
| 035 | _a(BD-RjUL) 58035 | ||
| 040 |
_aCStRLIN _beng _dANL _cBD-RjUL |
||
| 041 | 1 |
_afre _hger |
|
| 082 | 0 | 4 |
_a320.9494 _223 _bSIL 1997 |
| 100 | 1 |
_aSigg, Oswald. _9171995 |
|
| 245 | 1 |
_aLa Suisse politique / _cOswald Sigg |
|
| 260 |
_aZurich : _bPro Helvetia, _c1997. |
||
| 300 |
_a75 p. : _bill. ; _c21 cm |
||
| 490 | 1 | _aInformation / Pro Heveltia, Fondation suisse pour la culture | |
| 504 | _aIncludes bibliography | ||
| 651 | 0 |
_aSwitzerland _xPolitics and government. _9171996 |
|
| 700 | 1 |
_aSigg, Oswald. _tDie politische Schweiz. _lfrancais. _9171997 |
|
| 710 | 2 |
_aPro Helvetia. _9171998 |
|
| 830 | 0 |
_aInformation / Pro Helvetia, Fondation suisse pour la culture _9172000 |
|
| 942 |
_2ddc _cBK |
||
| 999 |
_c57911 _d57911 |
||